|
|
|
|
| LEADER |
01353nam a2200325 i 4500 |
| 001 |
29826 |
| 003 |
BD-DhAAL |
| 008 |
171126s2014 bg b i000 0 eng |
| 999 |
|
|
|c 38616
|d 38616
|
| 020 |
|
|
|a 9789221287049
|
| 020 |
|
|
|a 9789221287056 (web pdf)
|
| 035 |
|
|
|a (MFDhaka) 2014359663
|
| 037 |
|
|
|b Complimentary copy
|
| 040 |
|
|
|a DLC
|b eng
|e rda
|c DLC
|d BD-DhAAL
|
| 050 |
0 |
0 |
|a HD5820.6.A6
|b G46 2014
|
| 082 |
|
|
|a 331.62095492
|2 22
|
| 100 |
|
|
|a Barkat, Abul
|9 23895
|
| 245 |
0 |
0 |
|a Gender and migration from Bangladesh :
|b mainstreaming migration into the national development plans from a gender perspective.
|
| 260 |
|
|
|a Dhaka :
|b ILO Country Office for Bangladesh,
|c 2014.
|
| 300 |
|
|
|a xii, 42 pages ;
|c 30 cm
|
| 500 |
|
|
|a Also available on World Wide Web.
|
| 504 |
|
|
|a Includes bibliographical references (pages 41-42).
|
| 520 |
|
|
|a On migrant women workers needs and government plans in Bangladesh.
|
| 526 |
|
|
|a AAL
|
| 541 |
|
|
|a Complimentary copy
|e 29826
|
| 650 |
|
|
|a Migrant labour
|z Bangladesh
|9 23913
|
| 700 |
|
|
|a Manzuma Ahsan
|9 23898
|
| 710 |
2 |
|
|a International Labour Organisation.
|b Area Office, Dhaka,
|e issuing body.
|9 23899
|
| 942 |
|
|
|2 ddc
|c BK
|
| 952 |
|
|
|0 0
|1 0
|2 ddc
|4 0
|6 331_409549200000000_BAR
|7 0
|9 61956
|a BRACUL
|b BRACUL
|c GEN
|d 2017-11-26
|e Complimentary copy
|l 1
|m 3
|o 331.4095492 BAR
|p 3010029826
|r 2018-09-12
|s 2018-01-23
|t 1
|w 2017-11-26
|y BK
|